| 000 | 00604nam a2200193 a 4500 | ||
|---|---|---|---|
| 001 | 000012470 | ||
| 005 | 20240530073914.0 | ||
| 008 | 091113s1980 dr a 001 f spa d | ||
| 040 |
_aDO-SdBNP _bspa _cBNPHU |
||
| 082 |
_aRD863.44 _bG491m |
||
| 100 | 1 |
_aGimbernard, Jacinto Carlos, _d1931- _97741 |
|
| 245 | 1 | 0 |
_aMedalaganario / _cJacinto Carlos Gimbernard. |
| 260 |
_aSanto Domingo : _bTaller, _c1980. |
||
| 300 |
_a174 p. : _bil. ; _c17 cm. |
||
| 590 | _ainventariado, 2019/VM | ||
| 650 | 0 |
_aNovela dominicana _9223 |
|
| 650 | 0 |
_aLiteratura dominicana. _967 |
|
| 910 | _aValidado. Control de calidad BNPHU | ||
| 999 |
_c12127 _d12127 |
||